[Event "FRA-chT1 1011"]
[Site "France"]
[Date "2010.11.13"]
[Round "2.5"]
[White "Stawiarski, Edmond"]
[Black "Netzer, Jean"]
[Result "0-1"]
[WhiteElo "2146"]
[BlackElo "2402"]
[PlyCount "126"]
[EventDate "2010.10.17"]
[EventType "team-tourn"]
[EventRounds "11"]
[EventCountry "FRA"]
[SourceTitle "EXT 2012"]
[Source "ChessBase"]
[SourceDate "2011.11.24"]
[SourceVersion "1"]
[SourceVersionDate "2011.11.24"]
[SourceQuality "1"]

1. d4 f5 2. Bg5 g6 3. Nf3 Bg7 4. c4 d6 5. Nc3 h6 6. Bc1 Nf6 7. Qc2 0-0 8. e3 Nc6 9. d5 Nb4 10. Qd1 a5 11. Nd4 Na6 12. Be2 Nc5 13. b3 e5 14. dxe6 Nxe6 15. Bb2 f4 16. Nxe6 Bxe6 17. exf4 Ne4 18. Qc1 Qf6 19. Nxe4 Qxb2 20. Qxb2 Bxb2 21. Rb1 Ba3 22. 0-0 Rxf4 23. Bd3 Bb4 24. f3 Kg7 25. g3 Rf7 26. Kg2 Raf8 27. Rbd1 Bd7 28. Nd2 Re7 29. Ne4 Bc6 30. Ra1 Ba3 31. Rae1 Rfe8 32. Re2 a4 33. Rff2 Bb4 34. g4 Re5 35. Ng3 Re3 36. Rxe3 Rxe3 37. Bc2 Be1 38. Rf1 axb3 39. axb3 d5 40. cxd5 Bxd5 41. Be4 Bxb3 42. Bxb7 Bc4 43. Rg1 c5 44. h4 Bd5 45. h5 c4 46. hxg6 Kxg6 47. Ba6 Kg5 48. Rh1 Kf4 49. Nh5+ Ke5 50. Ng3 Bxg3 51. Kxg3 Be4 52. Bxc4 Rxf3+ 53. Kh4 Rc3 54. Ra1 Rxc4 55. Ra6 Bf3 56. Rxh6 Rxg4+ 57. Kh3 Rg1 58. Ra6 Kf4 59. Rf6+ Ke3 60. Ra6 Kf2 61. Ra2+ Be2 62. Kh4 Rg4+ 63. Kh3 Rb4 0-1

[Event "FRA-chT2 0910"]
[Site "France"]
[Date "2009.11.22"]
[Round "4.6"]
[White "Stawiarski, Edmond"]
[Black "Dupont, Dany"]
[Result "1/2-1/2"]
[WhiteElo "2134"]
[BlackElo "1980"]
[PlyCount "104"]
[EventDate "2009.09.27"]
[EventType "team-tourn"]
[EventRounds "11"]
[EventCountry "FRA"]
[SourceTitle "EXT 2011"]
[Source "ChessBase"]
[SourceDate "2010.11.26"]
[SourceVersion "1"]
[SourceVersionDate "2010.11.26"]
[SourceQuality "1"]

1. d4 Nf6 2. Nf3 g6 3. Bf4 Bg7 4. e3 0-0 5. c4 d6 6. Nc3 c6 7. h3 Nbd7 8. Be2 Re8 9. 0-0 e5 10. dxe5 dxe5 11. Nxe5 Nxe5 12. Qxd8 Rxd8 13. Bxe5 Bf5 14. Rfd1 Bc2 15. Rxd8+ Rxd8 16. Kf1 Ne4 17. Bxg7 Kxg7 18. Nxe4 Bxe4 19. f3 Bf5 20. Ke1 c5 21. Rd1 Rxd1+ 22. Kxd1 a5 23. Kd2 g5 24. f4 h6 25. Bf3 b6 26. Bd5 gxf4 27. exf4 f6 28. Ke3 Kf8 29. Kf3 Bd3 30. g4 Kg7 31. h4 Bb1 32. a3 Bd3 33. Ke3 Bg6 34. f5 Be8 35. Kf4 Ba4 36. g5 hxg5+ 37. hxg5 Bc2 38. g6 Bd3 39. Be6 Bc2 40. Ke3 Bb1 41. Kd2 Be4 42. Ke3 Bc6 43. b4 axb4 44. axb4 Kf8 45. b5 Be4 46. Kd2 Kg7 47. Ke3 Bc2 48. Kf4 Bb1 49. Bd5 Bd3 50. Kg4 Bc2 51. Bc6 Bb1 52. Kf4 Bc2 1/2-1/2

[Event "FRA-chT2 Nord 0708"]
[Site "France"]
[Date "2008.01.20"]
[Round "6.3"]
[White "Stawiarski, Edmond"]
[Black "Amalric, Yves"]
[Result "0-1"]
[WhiteElo "2124"]
[BlackElo "2171"]
[PlyCount "116"]
[EventDate "2007.10.21"]
[EventType "team"]
[EventRounds "11"]
[EventCountry "FRA"]
[SourceTitle "EXT 2009"]
[Source "ChessBase"]
[SourceDate "2008.11.26"]
[SourceVersion "1"]
[SourceVersionDate "2008.11.26"]
[SourceQuality "1"]
[WhiteTeam "Arras"]
[BlackTeam "Issy les Moulineaux"]
[WhiteTeamCountry "FRA"]
[BlackTeamCountry "FRA"]

1. d4 Nf6 2. Nf3 d5 3. Bf4 Nbd7 4. e3 Nh5 5. Bg5 h6 6. Bh4 g5 7. Nfd2 Ndf6 8. Be2 Ng7 9. Bg3 Nf5 10. Be5 Bg7 11. c4 c6 12. Nc3 0-0 13. 0-0 Be6 14. c5 Nh4 15. b4 Ng6 16. Bg3 Nd7 17. Bh5 Bf5 18. Nb3 e5 19. Rc1 Re8 20. Na5 Qc8 21. b5 exd4 22. exd4 Nf4 23. Bxf4 gxf4 24. Qa4 Nf6 25. bxc6 bxc6 26. Bf3 Re6 27. Ne2 Qc7 28. g3 Be4 29. Bxe4 Rxe4 30. Nxf4 Rc8 31. f3 Rxf4 32. gxf4 Nh5 33. Rce1 Nxf4 34. Kh1 Ne6 35. Nb3 Kh8 36. Qa5 Qf4 37. Qd2 Qxd2 38. Nxd2 Bxd4 39. Nb3 Bc3 40. Rc1 d4 41. Rfd1 Rg8 42. Rg1 Rd8 43. Rgd1 Rd5 44. Rxc3 dxc3 45. Rxd5 cxd5 46. c6 Kg7 47. Kg1 Kf6 48. Kf2 Ke7 49. Ke3 d4+ 50. Kd3 Kd6 51. Na5 f5 52. a3 Kc7 53. h4 Kb6 54. Nc4+ Kxc6 55. Ne5+ Kd5 56. Nf7 h5 57. Kc2 Nc5 58. Ng5 Kc4 0-1

[Event "FRA-chT2 Nord 0708"]
[Site "France"]
[Date "2008.01.19"]
[Round "5.6"]
[White "Stawiarski, Edmond"]
[Black "Scozzesi, Francois"]
[Result "1-0"]
[WhiteElo "2124"]
[BlackElo "1903"]
[PlyCount "65"]
[EventDate "2007.10.21"]
[EventType "team"]
[EventRounds "11"]
[EventCountry "FRA"]
[SourceTitle "EXT 2009"]
[Source "ChessBase"]
[SourceDate "2008.11.26"]
[SourceVersion "1"]
[SourceVersionDate "2008.11.26"]
[SourceQuality "1"]
[WhiteTeam "Arras"]
[BlackTeam "Arcueil"]
[WhiteTeamCountry "FRA"]
[BlackTeamCountry "FRA"]

1. d4 c5 2. e3 e6 3. Nf3 b6 4. Bd3 Bb7 5. Nbd2 f5 6. Qe2 Nf6 7. 0-0 d5 8. c3 Bd6 9. Ne5 0-0 10. Ndf3 Ne4 11. a4 a5 12. Bb5 g5 13. Ne1 Nf6 14. b3 Ra7 15. Bb2 Ba8 16. N1d3 Rg7 17. Rac1 Qc7 18. c4 Qb7 19. cxd5 exd5 20. dxc5 bxc5 21. Nxc5 Qe7 22. Ncd3 h5 23. Bd4 g4 24. Qb2 Ne4 25. Nf4 Rg5 26. Neg6 Rxg6 27. Nxg6 Qg5 28. Nf4 Bb7 29. Be5 Bxe5 30. Qxe5 Nd2 31. Qe6+ Rf7 32. Rc2 Nf3+ 33. Kh1 1-0

[Event "FRA-chT2 North 0607"]
[Site "France"]
[Date "2007.01.20"]
[Round "5.6"]
[White "Stawiarski, Edmond"]
[Black "Scozzesi, Francois"]
[Result "1-0"]
[WhiteElo "2122"]
[BlackElo "1933"]
[PlyCount "65"]
[EventDate "2006.10.15"]
[EventType "team"]
[EventRounds "11"]
[EventCountry "FRA"]
[SourceTitle "EXT 2008"]
[Source "ChessBase"]
[SourceDate "2007.11.25"]
[SourceVersion "1"]
[SourceVersionDate "2007.11.25"]
[SourceQuality "1"]
[WhiteTeam "Arras"]
[BlackTeam "Arcueil"]
[WhiteTeamCountry "FRA"]
[BlackTeamCountry "FRA"]

1. d4 Nf6 2. Nf3 g6 3. Bf4 d6 4. c4 Bg7 5. Nc3 0-0 6. e3 Bg4 7. Be2 Na6 8. h3 Bxf3 9. Bxf3 Rb8 10. 0-0 c5 11. a3 Nd7 12. Bg3 Nc7 13. Rc1 b5 14. dxc5 Nxc5 15. b4 Nd7 16. c5 Ne5 17. cxd6 Nxf3+ 18. Qxf3 exd6 19. Rfd1 Rb6 20. Rd3 Qe7 21. Rcd1 Be5 22. Nd5 Nxd5 23. Rxd5 Bxg3 24. Qxg3 Rd8 25. Qf4 f5 26. Qd4 Rc6 27. Rxb5 Qf7 28. Rd5 g5 29. b5 Rb6 30. a4 f4 31. Rxg5+ Kf8 32. exf4 Re8 33. a5 1-0

[Event "FRA-chT2B 0506"]
[Site "France"]
[Date "2006.04.02"]
[Round "11.7"]
[White "Blery, Gilles"]
[Black "Stawiarski, Edmond"]
[Result "1/2-1/2"]
[WhiteElo "2116"]
[BlackElo "2123"]
[PlyCount "121"]
[EventDate "2005.10.27"]
[EventType "team-tourn"]
[EventRounds "11"]
[EventCountry "FRA"]
[SourceTitle "EXT 2006"]
[Source "ChessBase"]
[SourceDate "2005.11.24"]
[SourceVersion "1"]
[SourceVersionDate "2005.11.24"]
[SourceQuality "1"]
[WhiteTeam "Rosny sous Bois"]
[BlackTeam "Arras"]
[WhiteTeamCountry "FRA"]
[BlackTeamCountry "FRA"]

1. d4 Nf6 2. c4 e6 3. Nc3 Bb4 4. e3 Bxc3+ 5. bxc3 0-0 6. Bd3 d6 7. e4 e5 8. Nf3 Re8 9. d5 Bg4 10. h3 Bc8 11. Bg5 Nbd7 12. Nh2 h6 13. Bd2 Nf8 14. Nf1 Ng6 15. g3 Nd7 16. Ne3 Nc5 17. Bc2 Ne7 18. Qh5 Nd7 19. Kf1 Nf6 20. Qe2 Ng6 21. Kg1 Bd7 22. Rh2 Qc8 23. Kh1 a6 24. Rg1 b5 25. f3 bxc4 26. Nxc4 Rb8 27. Bd3 Bb5 28. Nb2 Qb7 29. c4 Bd7 30. Bc3 Qb6 31. Bc2 Qc5 32. Bb3 a5 33. Nd3 Qa7 34. Bc2 c6 35. Qd2 cxd5 36. cxd5 Rec8 37. Bb2 a4 38. a3 Nh5 39. Nb4 Rc5 40. Bd3 Rcc8 41. h4 Qa5 42. Qe1 Qd8 43. Bc1 Qf8 44. Bf1 Qd8 45. Bd2 Qf6 46. Qe3 Qd8 47. Bd3 Kh7 48. Be1 Qe8 49. Rb2 Bb5 50. Bc2 Qd7 51. Kh2 Nf6 52. Bd1 Rb7 53. Bd2 Nh5 54. Be2 Nhf4 55. gxf4 Nxf4 56. Rg3 Nxe2 57. Rxg7+ Kxg7 58. Qxh6+ Kg8 59. Qg5+ Kf8 60. Qh6+ Kg8 61. Qg5+ 1/2-1/2

[Event "Bethune op 26th"]
[Site "Bethune"]
[Date "2005.12.26"]
[Round "1"]
[White "Afek, Yochanan"]
[Black "Stawiarski, Edmond"]
[Result "1-0"]
[WhiteElo "2371"]
[BlackElo "2121"]
[PlyCount "159"]
[EventDate "2005.12.26"]
[EventType "swiss"]
[EventRounds "9"]
[EventCountry "FRA"]
[SourceTitle "CBM 110 Extra"]
[Source "ChessBase"]
[SourceDate "2006.03.10"]
[SourceVersion "2"]
[SourceVersionDate "2006.03.10"]
[SourceQuality "1"]

1. e4 d5 2. exd5 Qxd5 3. Nc3 Qa5 4. d4 c6 5. Bc4 Bf5 6. Nf3 e6 7. Bd2 Bb4 8. a3 Bxc3 9. Bxc3 Qc7 10. Ne5 Nf6 11. f3 Nbd7 12. g4 Bg6 13. h4 h5 14. Nxg6 Qg3+ 15. Kf1 fxg6 16. g5 Ng4 17. Be1 Nh2+ 18. Rxh2 Qxh2 19. Bf2 Rf8 20. Ke2 0-0-0 21. Qg1 Qh3 22. Qg3 Qf5 23. Bd3 Qf7 24. Be4 Nb6 25. Kf1 Nc4 26. Kg2 Nd2 27. Re1 Nxe4 28. Rxe4 Rd5 29. Bg1 Rf5 30. Bh2 e5 31. Rxe5 Rxe5 32. dxe5 Qe6 33. Qf2 b6 34. a4 Rd8 35. a5 Kb7 36. axb6 axb6 37. Bg1 c5 38. Qe2 Qd5 39. Bf2 Re8 40. Bg3 Re6 41. c3 c4 42. Qe3 Kc7 43. Qf4 Kc6 44. Qf8 Qd7 45. Qa8+ Qb7 46. Qa4+ b5 47. Qa5 Kd7 48. Qb4 Ke8 49. Qc5 Kf7 50. Bf2 Qc6 51. Qd4 Qe8 52. Qf4+ Kg8 53. Bd4 Qc6 54. Kf2 Re8 55. Ke3 Rf8 56. Qe4 Qe6 57. Bc5 Rf7 58. Bd6 Kh7 59. Kd4 Rf5 60. Kc5 Qd7 61. Kb4 Rf7 62. Qd5 Qa7 63. Qc6 Rb7 64. e6 Rb6 65. Qc7 Qa4+ 66. Kc5 Ra6 67. e7 Ra8 68. Qc6 Qa5 69. e8Q Qa7+ 70. Kd5 Rxe8 71. Qxe8 Qb7+ 72. Qc6 Qf7+ 73. Kc5 b4 74. cxb4 c3 75. bxc3 Qa7+ 76. Qb6 Qa8 77. Qc7 Qc8 78. Be5 Qf8+ 79. Kd4 Qd8+ 80. Ke3 1-0

[Event "FRA-chT2B 0506"]
[Site "France"]
[Date "2005.11.19"]
[Round "2.4"]
[White "Stawiarski, Edmond"]
[Black "Leitner, Walter"]
[Result "1/2-1/2"]
[WhiteElo "2121"]
[BlackElo "2115"]
[PlyCount "80"]
[EventDate "2005.10.27"]
[EventType "team-tourn"]
[EventRounds "11"]
[EventCountry "FRA"]
[SourceTitle "EXT 2006"]
[Source "ChessBase"]
[SourceDate "2005.11.24"]
[SourceVersion "1"]
[SourceVersionDate "2005.11.24"]
[SourceQuality "1"]
[WhiteTeam "Arras"]
[BlackTeam "Gif sur Yvette"]
[WhiteTeamCountry "FRA"]
[BlackTeamCountry "FRA"]

1. d4 Nf6 2. Nf3 b6 3. Bf4 Bb7 4. e3 e6 5. Bd3 Be7 6. Nbd2 Nh5 7. Bg3 Nxg3 8. hxg3 h6 9. Qe2 c5 10. c3 Nc6 11. g4 Rf8 12. a4 Bf6 13. Ne4 Be7 14. Rh5 d5 15. Ned2 Qc7 16. dxc5 bxc5 17. Bb5 0-0-0 18. Ba6 Qb6 19. Bxb7+ Qxb7 20. Qb5 Rd7 21. e4 a6 22. Qe2 Rfd8 23. exd5 exd5 24. Kf1 Bf6 25. Qd3 Kb8 26. Rb1 Ka7 27. Kg1 Qb6 28. Qc2 a5 29. b3 Qc7 30. g3 Re8 31. Nf1 Ne5 32. Nxe5 Rxe5 33. Rxe5 Qxe5 34. Rc1 Re7 35. Qd3 Rb7 36. Nd2 Qd6 37. Rb1 Qc6 38. Re1 Qd7 39. Qf3 Rb6 40. Rd1 Re6 1/2-1/2

[Event "FRA-chT2B 0506"]
[Site "France"]
[Date "2005.10.16"]
[Round "1.7"]
[White "Stawiarski, Edmond"]
[Black "Derieux, Christian"]
[Result "1-0"]
[WhiteElo "2121"]
[BlackElo "2135"]
[PlyCount "93"]
[EventDate "2005.10.27"]
[EventType "team-tourn"]
[EventRounds "11"]
[EventCountry "FRA"]
[SourceTitle "EXT 2006"]
[Source "ChessBase"]
[SourceDate "2005.11.24"]
[SourceVersion "1"]
[SourceVersionDate "2005.11.24"]
[SourceQuality "1"]
[WhiteTeam "Arras"]
[BlackTeam "Lutece"]
[WhiteTeamCountry "FRA"]
[BlackTeamCountry "FRA"]

1. d4 Nf6 2. Nf3 c5 3. e3 g6 4. c3 b6 5. Nbd2 Bg7 6. Bd3 Bb7 7. Qe2 0-0 8. 0-0 d6 9. Re1 Nc6 10. Ba6 Qc8 11. Bxb7 Qxb7 12. e4 cxd4 13. Nxd4 Nxd4 14. cxd4 Rac8 15. Nf3 d5 16. e5 Ne4 17. Be3 Rc4 18. b3 Rc6 19. Rec1 Rfc8 20. Rxc6 Qxc6 21. h3 Nc3 22. Qa6 Rc7 23. Kh2 Ne4 24. Rc1 Qd7 25. Rxc7 Qxc7 26. Qb5 e6 27. Qe8+ Bf8 28. Qa8 Nf6 29. Bh6 Nd7 30. Qe8 Qb8 31. Qxd7 Bxh6 32. g3 b5 33. Kg2 Qb6 34. h4 Kg7 35. Qe7 Qa5 36. g4 Bc1 37. h5 Ba3 38. h6+ Kg8 39. Qe8+ Bf8 40. Ng5 Qc7 41. Nxh7 Qe7 42. Nf6+ Kh8 43. Qc8 a5 44. Nd7 Kg8 45. h7+ Kxh7 46. Nxf8+ Kh6 47. Nd7 1-0

[Event "Bethune op-A 25th"]
[Site "Bethune"]
[Date "2004.12.26"]
[Round "1"]
[White "Debailleul, Pierre"]
[Black "Stawiarski, Edmond"]
[Result "1/2-1/2"]
[WhiteElo "2024"]
[BlackElo "2195"]
[PlyCount "104"]
[EventDate "2004.12.26"]
[EventType "swiss"]
[EventRounds "7"]
[EventCountry "FRA"]
[SourceTitle "CBM 104 Extra"]
[Source "ChessBase"]
[SourceDate "2005.03.01"]
[SourceVersion "1"]
[SourceVersionDate "2005.03.01"]
[SourceQuality "1"]

1. d4 Nf6 2. Nf3 e6 3. e3 b6 4. Bd3 Bb7 5. Nbd2 d5 6. b3 Nbd7 7. Bb2 Bd6 8. 0-0 c5 9. Ne5 0-0 10. f4 cxd4 11. exd4 Ne4 12. Bxe4 dxe4 13. Nxd7 Qxd7 14. Qe2 f5 15. c4 Rad8 16. Rad1 Qc7 17. Qe3 Be7 18. Nb1 Bf6 19. Rf2 Rf7 20. Rfd2 Rfd7 21. Na3 a6 22. Nc2 h6 23. g3 g5 24. Kf2 Rg7 25. Rg1 Kh7 26. Kf1 Rdg8 27. Rdg2 Qf7 28. Bc3 Qh5 29. g4 gxf4 30. Qxf4 Qh3 31. Qe3 Qf3+ 32. Rf2 Qd1+ 33. Ne1 Rxg4 34. Rxg4 Qxg4 35. d5 Bxc3 36. Rg2 Qh4 37. Qxc3 exd5 38. Qe5 Rxg2 39. Nxg2 Qg5 40. cxd5 a5 41. Qc7+ Qg7 42. d6 Ba6+ 43. Kf2 Bb5 44. Ne3 Bd7 45. Nc4 f4 46. Nxb6 Qb2+ 47. Ke1 Qb1+ 48. Ke2 Qxa2+ 49. Ke1 Qb1+ 50. Ke2 Qd3+ 51. Ke1 Qb1+ 52. Ke2 Qd3+ 1/2-1/2

[Event "FRA-chT2 0405"]
[Site "France"]
[Date "2004.11.07"]
[Round "3.6"]
[White "Stawiarski, Edmond"]
[Black "Martsynovskaya, Marina"]
[Result "0-1"]
[WhiteElo "2195"]
[BlackElo "2182"]
[PlyCount "78"]
[EventDate "2004.10.10"]
[EventType "team"]
[EventRounds "11"]
[EventCountry "FRA"]
[SourceTitle "EXT 2006"]
[Source "ChessBase"]
[SourceDate "2005.11.24"]
[SourceVersion "1"]
[SourceVersionDate "2005.11.24"]
[SourceQuality "1"]
[WhiteTeam "Arras"]
[BlackTeam "Clichy  II"]
[WhiteTeamCountry "FRA"]
[BlackTeamCountry "FRA"]

1. d4 d5 2. Nf3 Nf6 3. Bf4 e6 4. e3 c5 5. c3 a6 6. Nbd2 Nbd7 7. h3 Be7 8. Bd3 b5 9. Ne5 Bb7 10. Nxd7 Qxd7 11. Nf3 Bd6 12. Bxd6 Qxd6 13. Ne5 0-0 14. 0-0 g6 15. Qe2 Kg7 16. f4 b4 17. g4 a5 18. Rf2 cxd4 19. cxd4 Nd7 20. Nxd7 Qxd7 21. f5 exf5 22. gxf5 Qd6 23. Qg4 Rfe8 24. fxg6 fxg6 25. Rf3 Rf8 26. Raf1 Rxf3 27. Rxf3 Bc8 28. Qg5 Bd7 29. h4 h6 30. Qg2 Rg8 31. Rg3 Be8 32. Rg4 Rf8 33. e4 dxe4 34. Qxe4 h5 35. Rg5 Rf4 36. Qb7+ Kh6 37. Rxh5+ Kxh5 38. Qh7+ Kg4 39. Be2+ Kg3 0-1

[Event "FRA-chT2S 0203"]
[Site "France"]
[Date "2002.11.17"]
[Round "3.7"]
[White "Stawiarski, Edmond"]
[Black "Jessel, Stephen"]
[Result "1/2-1/2"]
[WhiteElo "2235"]
[BlackElo "2053"]
[PlyCount "140"]
[EventDate "2002.10.??"]
[EventType "team"]
[EventRounds "11"]
[EventCountry "FRA"]
[SourceTitle "EXT 2004"]
[Source "ChessBase"]
[SourceDate "2003.11.25"]
[SourceVersion "1"]
[SourceVersionDate "2003.11.25"]
[SourceQuality "1"]
[WhiteTeam "Arras"]
[BlackTeam "Le Vesinet"]
[WhiteTeamCountry "FRA"]
[BlackTeamCountry "FRA"]

1. d4 d5 2. Nf3 Nf6 3. Bf4 Bf5 4. e3 e6 5. Bd3 Bxd3 6. Qxd3 c6 7. Qb3 Qb6 8. 0-0 Be7 9. Nbd2 0-0 10. h3 c5 11. Qxb6 axb6 12. c3 Nc6 13. Rfe1 b5 14. dxc5 b4 15. Rec1 Bxc5 16. cxb4 Bxb4 17. a3 Be7 18. Rc2 Rfc8 19. Rac1 Na7 20. Kf1 Nd7 21. Rxc8+ Rxc8 22. Rxc8+ Nxc8 23. Ke2 Ncb6 24. Ne5 Bf6 25. Nxd7 Nxd7 26. b3 Be7 27. b4 b5 28. Bc7 Bf6 29. Kd3 Ne5+ 30. Bxe5 Bxe5 31. Kc2 Kf8 32. Kb3 Ke7 33. a4 bxa4+ 34. Kxa4 Kd6 35. Kb5 Kc7 36. Nf3 Bf6 37. Ka6 e5 38. b5 Kb8 39. b6 d4 40. exd4 exd4 41. Ne1 Be5 42. Nd3 Bd6 43. f3 h5 44. g4 hxg4 45. fxg4 g5 46. Nf2 Bg3 47. Nd3 Bd6 48. Kb5 Kb7 49. Kc4 Kxb6 50. Kxd4 Kc7 51. Ke4 Be7 52. Ne5 f6 53. Ng6 Kd7 54. Kf5 Bd8 55. Nh8 Ke7 56. Kg6 Ke6 57. Nf7 Ba5 58. Nh6 Bc3 59. Nf5 Bb2 60. Ng7+ Ke7 61. Kf5 Kf7 62. Ne6 Bc3 63. Nc5 Bd4 64. Ne4 Bb2 65. Nd6+ Ke7 66. Nc4 Bc3 67. Kg6 Ke6 68. Ne3 Bb2 69. Nf5 Bc3 70. Kg7 Bb2 1/2-1/2

[Event "FRA-chT2S 0203"]
[Site "France"]
[Date "2002.10.13"]
[Round "1.7"]
[White "Stawiarski, Edmond"]
[Black "Fonseca, Luc"]
[Result "1-0"]
[WhiteElo "2235"]
[BlackElo "2085"]
[PlyCount "55"]
[EventDate "2002.10.??"]
[EventType "team"]
[EventRounds "11"]
[EventCountry "FRA"]
[SourceTitle "EXT 2004"]
[Source "ChessBase"]
[SourceDate "2003.11.25"]
[SourceVersion "1"]
[SourceVersionDate "2003.11.25"]
[SourceQuality "1"]
[WhiteTeam "Arras"]
[BlackTeam "Le Touquet"]
[WhiteTeamCountry "FRA"]
[BlackTeamCountry "FRA"]

1. d4 Nf6 2. Nf3 g6 3. Bf4 Bg7 4. c4 0-0 5. Nc3 d6 6. e3 c6 7. Be2 Qb6 8. Qb3 Qc7 9. h3 Nbd7 10. 0-0 e5 11. Bh2 Re8 12. c5 Bf8 13. Ng5 d5 14. Nf3 Ne4 15. Nxe4 dxe4 16. Ng5 Nf6 17. dxe5 Qe7 18. exf6 Qxf6 19. h4 h6 20. Nh3 Bxc5 21. Nf4 Qxh4 22. Nxg6 Qg5 23. Nf4 Bd6 24. Rad1 Bc7 25. Bg3 Rb8 26. Rd2 Bg4 27. Bxg4 Qxg4 28. Qd1 1-0

[Event "FRA-chT2"]
[Site "France"]
[Date "2002.03.09"]
[Round "8"]
[White "Stawiarski, Edmond"]
[Black "Sobry, Sebastien"]
[Result "1-0"]
[WhiteElo "2197"]
[BlackElo "2078"]
[PlyCount "139"]
[EventDate "2002.??.??"]
[EventType "team"]
[EventRounds "11"]
[EventCountry "FRA"]
[SourceTitle "EXT 2003"]
[Source "ChessBase"]
[SourceDate "2002.11.25"]
[SourceVersion "1"]
[SourceVersionDate "2002.11.25"]
[SourceQuality "1"]
[WhiteTeam "Arras"]
[BlackTeam "Tourcoing"]
[WhiteTeamCountry "FRA"]
[BlackTeamCountry "FRA"]

1. e4 c5 2. b4 cxb4 3. d4 g6 4. Nf3 Bg7 5. Bc4 Qc7 6. Qe2 e6 7. 0-0 Ne7 8. a3 Nbc6 9. axb4 Nxd4 10. Nxd4 Bxd4 11. c3 Bg7 12. Na3 a6 13. Bg5 d6 14. Nb5 Qb8 15. Qd2 d5 16. exd5 axb5 17. Rxa8 Qxa8 18. Bxb5+ Kf8 19. d6 f6 20. dxe7+ Kxe7 21. Be3 Qb8 22. Bc5+ Kf7 23. Rd1 Qc7 24. Be3 Bf8 25. Bf4 Qb6 26. Be2 Be7 27. Be3 Qc7 28. Bf4 e5 29. Be3 Rd8 30. Qe1 Rxd1 31. Bxd1 Be6 32. Qd2 Qc4 33. Be2 Qc7 34. h3 f5 35. f3 Bf6 36. Bc5 b6 37. Qd6 Qxd6 38. Bxd6 e4 39. c4 exf3 40. gxf3 Bd4+ 41. Kg2 Bd7 42. c5 bxc5 43. bxc5 Bc6 44. Kg3 Kf6 45. f4 h6 46. h4 h5 47. Bc4 Bg1 48. Bg8 Bd4 49. Bc4 Be4 50. Bb5 Ke6 51. Be8 Bc2 52. Bxg6 Bd1 53. Bh7 Kd5 54. Bxf5 Bxc5 55. Bxc5 Kxc5 56. Be4 Bb3 57. Bg6 Bd1 58. f5 Kd6 59. Kf4 Ke7 60. Kg5 Bg4 61. f6+ Kf8 62. Bxh5 Be6 63. Bg6 Kg8 64. h5 Kh8 65. Kf4 Bc4 66. Ke5 Bb3 67. Kd6 Bc4 68. Ke7 Kg8 69. Bf5 Kh8 70. Be6 1-0